Vortex dominated flows : a volume celebrating Lu Ting's 80th birthday

Αποθηκεύτηκε σε:
Λεπτομέρειες βιβλιογραφικής εγγραφής
Άλλοι συγγραφείς: Blackmore, Denis L. (Επιμελητής έκδοσης), Krause, E. (Egon) 1933- (Επιμελητής έκδοσης), Tung, C. (Chee) 1936- (Επιμελητής έκδοσης)
Μορφή: Βιβλίο
Γλώσσα:English
Δημοσίευση: Singapore ; Hackensack, NJ ; London : World Scientific, c2005
Θέματα:
Ετικέτες: Προσθήκη ετικέτας
Δεν υπάρχουν, Καταχωρήστε ετικέτα πρώτοι!

MARC

LEADER 00000nam a2200000 i 4500
001 1/79625
008 080331s2005 eng d
020 |a 981-256-320-2 
035 |l 10096009 
040 |a GR-MY-UA  |b gre  |e aacr 
041 0 |a eng 
082 0 |a 532.0595  |2 (22) 
245 1 0 |a Vortex dominated flows :  |b a volume celebrating Lu Ting's 80th birthday /  |c edited by Denis Blackmore, Egon Krause, Chee Tung 
260 |a Singapore ; Hackensack, NJ ; London :   |b World Scientific,   |c c2005 
300 |a xxix, 269 σ.;  |b εικ.;  |c 24 εκ. 
504 |a Περιέχει βιβλιογραφικές παραπομπές 
650 0 0 |a Viscous flow  |x Mathematics. 
650 0 0 |a Vortex-motion  |x Mathematics. 
700 1 |a Ting, L.  |q (Lu)  |d 1925-  |4 hnr 
700 1 |a Blackmore, Denis L.  |4 edt 
700 1 |a Krause, E.  |q (Egon)  |d 1933-  |4 edt 
700 1 |a Tung, C.  |q (Chee)  |d 1936-  |4 edt 
852 |a INST  |b SAMOS  |e 20080331  |h 532.0595 VOR  |p 005300026633  |q 005300026633  |t BK  |y 0 
901 |a BIBL3-2008-1 
909 |a Σ  |b 142422 
922 |a 3ΕΛΗ  |b 200712  |c ΕΠΕΑΕΚ2/ΤΜΗΜΑ ΜΑΘΗΜΑΤΙΚΩΝ  |d ΕΛΕΥΘΕΡΟΥΔΑΚΗΣ 
970 |a ΡΟΥΣΣΟΥ  |b ΚΩΝΣΤΑΝΤΙΝΑ  |z 2008/03/31